[Event "Asuncion Clasificatorio op"]
[Site "Asuncion"]
[Date "2013.08.31"]
[Round "1.12"]
[White "Herrera, Mario J"]
[Black "Avalos Arguello, Jose Mathias"]
[Result "1-0"]
[WhiteElo "1875"]
[BlackElo "1583"]
[PlyCount "105"]
[EventDate "2013.08.30"]
[EventType "swiss"]
[EventRounds "9"]
[EventCountry "PAR"]
[SourceTitle "EXT 2023"]
[Source "ChessBase"]
[SourceDate "2022.10.05"]
[SourceVersion "1"]
[SourceVersionDate "2022.10.05"]
[SourceQuality "1"]

1. e4 d5 2. exd5 Qxd5 3. Nc3 Qa5 4. d4 c6 5. Nf3 Nf6 6. Bc4 Bf5 7. Ne5 e6 8. 0-0 Bd6 9. Re1 0-0 10. g4 Bg6 11. Nxg6 hxg6 12. Ne4 Nxe4 13. Rxe4 Qc7 14. Qf3 c5 15. dxc5 Qxc5 16. Be3 Qc7 17. g5 Nc6 18. Qh3 Rfe8 19. Rh4 Kf8 20. Be2 Rad8 21. c4 Nb4 22. c5 Nc2 23. cxd6 Qxd6 24. Rd1 Qe5 25. Rxd8 Rxd8 26. Rh8+ Ke7 27. Rxd8 Kxd8 28. Qg3 Qxb2 29. Qb8+ Kd7 30. Bf4 Nd4 31. Qc7+ Ke8 32. Bd1 Qa1 33. Qc1 Qxa2 34. Qc8+ Ke7 35. Qc5+ Ke8 36. Qxd4 b5 37. Bc7 Qd5 38. Qxd5 exd5 39. Be5 a5 40. Bxg7 a4 41. Be2 a3 42. Bxb5+ Ke7 43. Ba4 Ke6 44. Bb3 Kf5 45. Bxd5 Kxg5 46. Bxf7 Kf5 47. Kg2 g5 48. Kg3 a2 49. Bxa2 Kg6 50. Bd4 Kh5 51. h3 Kg6 52. Kg4 Kh7 53. Bb1+ 1-0